000 00677nam a2200193Ii 4500
003 JO-AjNU
008 230605s9999||||xx |||||||||||||| ||und||
040 _aJO-AjNU
_bara
_erda
_cJO-AjNU
041 _aara
050 1 4 _aPJ7601.K45 1984
100 3 _aخربوش، حسين يوسف حسين,
_eauthor
_937894
245 0 0 _aإبن بسام وكتابه الذخائر
264 3 1 _aعمان:دار الفكر للنشر والتوزيع،1984
300 _a325ص
336 _atext
_btxt
_2rdacontent
337 _aunmediated
_bn
_2rdamedia
338 _avolume
_bnc
_2rdacarrier
650 4 _a الأدباء العرب - الأندلس - تراجم - ابن بسام
_937895
999 _aA15875
_c19443
_d19443